| 000 | 01998nam a2200433 i 4500 | ||
|---|---|---|---|
| 001 | ebr10870725 | ||
| 003 | CaPaEBR | ||
| 006 | m o d | ||
| 007 | cr cn||||||||| | ||
| 008 | 140524t20142014be a ob 001 0 eng d | ||
| 020 | _z9782875741349 | ||
| 020 | _a9783035264098 (e-book) | ||
| 040 |
_aCaPaEBR _beng _erda _epn _cCaPaEBR |
||
| 035 | _a(OCoLC)879948648 | ||
| 043 | _ae------ | ||
| 050 | 1 | 4 |
_aHC240.9.E5 _b.S379 2014eb |
| 082 | 0 | 4 |
_a363.738/74561094 _223 |
| 100 | 1 |
_aSchunz, Simon, _eauthor. |
|
| 245 | 1 | 0 |
_aEuropean Union foreign policy and the global climate regime / _cSimon Schunz. |
| 264 | 1 |
_aBrussels, Belgium : _bP.I.E Peter Lang S.A., _c2014. |
|
| 264 | 4 | _c�2014 | |
| 300 |
_a1 online resource (376 pages) : _billustrations, tables. |
||
| 336 |
_atext _2rdacontent |
||
| 337 |
_acomputer _2rdamedia |
||
| 338 |
_aonline resource _2rdacarrier |
||
| 490 | 1 |
_aCollege of Europe Studies, _x1780-9665 ; _vNumber 18 |
|
| 504 | _aIncludes bibliographical references and index. | ||
| 588 | _aDescription based on print version record. | ||
| 590 | _aElectronic reproduction. Palo Alto, Calif. : ebrary, 2014. Available via World Wide Web. Access may be limited to ebrary affiliated libraries. | ||
| 650 | 0 |
_aClimatic changes _xGovernment policy _zEuropean Union Countries. |
|
| 650 | 0 |
_aEnvironmental policy _zEuropean Union countries. |
|
| 650 | 0 |
_aGlobal environmental change _xInternational cooperation. |
|
| 651 | 0 |
_aEuropean Union countries _xForeign relations. |
|
| 655 | 0 | _aElectronic books. | |
| 776 | 0 | 8 |
_iPrint version: _aSchunz, Simon. _tEuropean Union foreign policy and the global climate regime. _dBrussels, Belgium : P.I.E Peter Lang S.A. c2014 _h371 pages _kCollege of Europe studies ; Number 18. _x1780-9665 _z9782875741349 _w2014013691 |
| 797 | 2 | _aebrary. | |
| 830 | 0 |
_aCollege of Europe studies ; _vNumber 18. |
|
| 856 | 4 | 0 |
_uhttp://site.ebrary.com/lib/rucke/Doc?id=10870725 _zAn electronic book accessible through the World Wide Web; click to view |
| 999 |
_c104465 _d104465 |
||